Filosofia medieval
Saved in:
| Hovedforfatter: | |
|---|---|
| Format: | Bog |
| Sprog: | spansk |
| Udgivet: |
Bogotá
Universidad Pedagógica Nacional
2007
|
| Fag: | |
| Tags: |
Tilføj Tag
Ingen Tags, Vær først til at tagge denne postø!
|
MARC
| LEADER | 00000nam a2200000 a 4500 | ||
|---|---|---|---|
| 001 | UCI2066 | ||
| 003 | CL-VaPUC | ||
| 008 | 070803e20070000CK |||||||||||||||||spa|d | ||
| 020 | |a 9586927822 | ||
| 082 | 0 | 4 | |a 189 |b SOT |2 21 |
| 100 | 0 | |a Soto Posada, Gonzalo |e author |9 522927 | |
| 245 | 1 | 0 | |a Filosofia medieval |
| 300 | |a 510 p | ||
| 942 | |c BK | ||
| 945 | |d 20070803 00:00:00 |a rbrito | ||
| 260 | |a Bogotá |b Universidad Pedagógica Nacional |c 2007 | ||
| 650 | 0 | |a Filosofía medieval |9 256245 | |
| 650 | 0 | |a Edad media |9 258041 | |
| 650 | 0 | |a Escolástica |9 345541 | |
| 583 | |a last modification |c 20070803 00:00:00 |k Rodrigo Vera | ||
| 999 | |c 326713 |d 326711 | ||
| 952 | |0 0 |1 0 |4 0 |6 189_000000000000000_SOT_2007 |7 0 |8 A |9 408824 |a BIBEDU |b BIBEDU |d 2019-11-22 |i 4361717 |l 4 |m 2 |o 189 SOT 2007 |p 4361717 |r 2024-07-03 |s 2021-11-29 |w 2019-11-22 |y BK |k FIL | ||